000 00485nam a2200169Ia 4500
008 090711s9999 xx 000 0 und d
082 _b20058
100 _aप्रफुल्लदत्त
245 _aशिवस्वप्न
260 _c1961
300 _a116
600 _aप्रफुल्लदत्त
630 _aशिवस्वप्न
700 _aप्रफुल्लदत्त
730 _aशिवस्वप्न
942 _cBOOK
999 _c289564
_d289564